La nueva ola
Zapisane w:
| 1. autor: | |
|---|---|
| Format: | Książka |
| Język: | hiszpański |
| Wydane: |
Madrid
RIALP
1962
|
| Hasła przedmiotowe: | |
| Etykiety: |
Dodaj etykietę
Nie ma etykietki, Dołącz pierwszą etykiete!
|
MARC
| LEADER | 00000cam a2200000 a 4500 | ||
|---|---|---|---|
| 001 | UCV8990 | ||
| 003 | CL-VaPUC | ||
| 008 | 920401e19620000SP |||||||||||||||||spa|d | ||
| 082 | 0 | 4 | |a 791.43 |b SIC |2 21 |
| 100 | 0 | |a Siclier, Jacques |e author |9 302962 | |
| 245 | 1 | 3 | |a La nueva ola |
| 300 | |a 148 p | ||
| 942 | |c BK | ||
| 945 | |d 19920401 00:00:00 | ||
| 260 | |a Madrid |b RIALP |c 1962 | ||
| 650 | 0 | |a Cine |9 225706 | |
| 651 | 0 | |a Francia |9 255157 | |
| 583 | |a last modification |c 20190402 09:38:13 |k Rodrigo Vera | ||
| 999 | |c 214393 |d 214391 | ||
| 952 | |0 0 |1 0 |3 erb |4 0 |6 791_430000000000000_SIC_1962 |7 0 |8 A |9 197703 |a BIBART |b BIBART |i 5475880 |o 791.43 SIC 1962 |p 5475880 |r 2023-01-11 |w 2019-11-14 |y BK |z Catalogado en:20180615 |k ART | ||